Mechanics of materials
Contents: Introduction: concept of stress; Stress and strain: axial loading; Analysis and design of beams for bending; Shearing stresses in beams and thin-walled members; Transformation of stress and strain...
Bewaard in:
| Formaat: | Boek |
|---|---|
| Taal: | Undetermined |
| Gepubliceerd in: |
New York
McGraw-Hill Higher Education
2009
|
| Onderwerpen: | |
| Tags: |
Voeg label toe
Geen labels, Wees de eerste die dit record labelt!
|
| Thư viện lưu trữ: | Trung tâm Học liệu Trường Đại học Cần Thơ |
|---|
| LEADER | 00727nam a2200181Ia 4500 | ||
|---|---|---|---|
| 001 | CTU_187053 | ||
| 008 | 210402s9999 xx 000 0 und d | ||
| 082 | |a 620.1123 | ||
| 082 | |b M486 | ||
| 245 | 0 | |a Mechanics of materials | |
| 245 | 0 | |c Ferdinand P. Beer ... [et al.] | |
| 260 | |a New York | ||
| 260 | |b McGraw-Hill Higher Education | ||
| 260 | |c 2009 | ||
| 520 | |a Contents: Introduction: concept of stress; Stress and strain: axial loading; Analysis and design of beams for bending; Shearing stresses in beams and thin-walled members; Transformation of stress and strain... | ||
| 650 | |a Strength of materials,Sức bền vật liệu | ||
| 904 | |i Giang | ||
| 980 | |a Trung tâm Học liệu Trường Đại học Cần Thơ | ||